The S 59 spectrophotometric atlas of the mid-ultraviolet spectra of 220 early-type stars with a resolution of 1.8 A (Record no. 8655)

MARC details
000 -LEADER
fixed length control field 00873nam a2200253Ia 4500
003 - CONTROL NUMBER IDENTIFIER
control field IN-BaIIA
008 - FIXED-LENGTH DATA ELEMENTS--GENERAL INFORMATION
fixed length control field 211028s9999 xx 000 0 eng d
020 ## - INTERNATIONAL STANDARD BOOK NUMBER
International Standard Book Number 0379-6566
040 ## - CATALOGING SOURCE
Transcribing agency IIA Library
080 ## - UNIVERSAL DECIMAL CLASSIFICATION NUMBER
Universal Decimal Classification number 084.4:524.3-355
Item number ESA
100 ## - MAIN ENTRY--PERSONAL NAME
Personal name Lamers, H. J. G. L. M
9 (RLIN) 14527
245 #4 - TITLE STATEMENT
Title The S 59 spectrophotometric atlas of the mid-ultraviolet spectra of 220 early-type stars with a resolution of 1.8 A
Statement of responsibility, etc. H. J. G. L. M. LameRs...[et.al]
260 ## - PUBLICATION, DISTRIBUTION, ETC.
Place of publication, distribution, etc. France
Name of publisher, distributor, etc. European Space Agency
Date of publication, distribution, etc. 1981
300 ## - PHYSICAL DESCRIPTION
Extent 210p.
650 ## - SUBJECT ADDED ENTRY--TOPICAL TERM
Topical term or geographic name entry element Astronomy and astrophysics thesaurus
650 ## - SUBJECT ADDED ENTRY--TOPICAL TERM
Topical term or geographic name entry element Atlas
650 ## - SUBJECT ADDED ENTRY--TOPICAL TERM
Topical term or geographic name entry element Atlas - spectra
9 (RLIN) 1831
650 ## - SUBJECT ADDED ENTRY--TOPICAL TERM
Topical term or geographic name entry element Early type stars Atlas
9 (RLIN) 14528
650 ## - SUBJECT ADDED ENTRY--TOPICAL TERM
Topical term or geographic name entry element Spectrophotometry
700 ## - ADDED ENTRY--PERSONAL NAME
Personal name Hoekstra, R.
9 (RLIN) 14529
700 ## - ADDED ENTRY--PERSONAL NAME
Personal name Kamperman, T. M.
9 (RLIN) 14530
700 ## - ADDED ENTRY--PERSONAL NAME
Personal name van der Hucht, K. A.
9 (RLIN) 14531
942 ## - ADDED ENTRY ELEMENTS (KOHA)
Koha item type Books
Holdings
Withdrawn status Lost status Damaged status Not for loan Home library Current library Shelving location Date acquired Total Checkouts Full call number Barcode Date last seen Price effective from Koha item type Purchase Price
        IIA Library-Bangalore IIA Library-Bangalore General Stacks 21/03/1986   084.4:524.3-355/ ESA 9528 05/11/2021 21/03/1986 Books 18

Powered by Koha